|
|
|
|
| LEADER |
00000nab a2200000 a 4500 |
| 001 |
vtls000445489 |
| 003 |
SK-MaSNL |
| 005 |
20260304080601.0 |
| 008 |
250424c1991 xo 0 slo |
| 015 |
|
|
|a SNBRB19rr/mm-uuuuu
|
| 035 |
|
|
|a CL0445619
|
| 035 |
|
|
|a urn:nbn:sk:snk-abak0
|
| 035 |
|
|
|a (urnnbn)urn:nbn:sk:snk:ar-a04nh8
|
| 035 |
|
|
|a (uuid)7f072dab-dbfa-4d06-9f21-d94256d6b618
|
| 040 |
|
|
|a SNKBUCL
|b slo
|c SNKBUCL
|e AACR2
|
| 041 |
0 |
|
|a slo
|
| 044 |
|
|
|a xo
|c SK
|
| 080 |
|
|
|a 628.161
|2 1981
|
| 100 |
1 |
|
|a Čermák, Oskár,
|d 1939-
|4 aut
|9 201725
|
| 245 |
1 |
0 |
|a Technologické postupy úpravy vody vzhľadom k narastajúcemu znečisteniu zdrojov vody
|c Oskár Čermák, Marta Čermáková, Jozef Kriš
|
| 300 |
|
|
|b Grafy 3. Tb. 1. Res. slov., angl., rus., lit. 7 zázn. v slov., angl., nem.
|
| 650 |
0 |
7 |
|a voda
|2 snkbucl
|9 854
|
| 650 |
0 |
7 |
|a úprava vody
|2 snkbucl
|9 30045
|
| 655 |
|
7 |
|a články z novín a časopisov
|2 snkbucl
|9 267496
|
| 700 |
1 |
|
|a Čermáková, Marta,
|d 1942-
|4 aut
|9 114542
|
| 700 |
1 |
|
|a Kriš, Jozef,
|d 1945-
|4 aut
|9 206538
|
| 773 |
0 |
|
|t Vodohospodársky časopis
|g Roč. 39, č. 5-6 (1991), s. 486-494
|
| 850 |
|
|
|a Slovenská národná knižnica
|
| 852 |
|
|
|a Slovenská národná knižnica
|
| 954 |
|
|
|a odborná, vedecká literatúra pôvodná (slovenská)
|2 lita
|
| 958 |
|
|
|a article27
|
| 958 |
|
|
|a NB
|
| 958 |
|
|
|a RK
|
| 958 |
|
|
|a OND
|
| 958 |
|
|
|a EUIPO
|
| 992 |
|
|
|a RBX
|
| 999 |
|
|
|c 2787216
|d 2789146
|